| 000 | 01747nam0a2200337 4500 | ||
|---|---|---|---|
| 001 | RU\NLR\bibl\492494 | ||
| 005 | 20260407095221.0 | ||
| 021 |
_aRU _b2003-74487 _93685 |
||
| 035 | _a(NLR Aleph) 000485161 | ||
| 090 |
_a1078528 _c1078528 |
||
| 100 | _a20040218d2003 |||y0rusy50 ca | ||
| 101 | 0 | _arus | |
| 102 | _aRU | ||
| 105 | _aa ||||||||| | ||
| 200 | 1 |
_aОбрезка плодовых культур _eМетод. указания _fМ-во сел. хоз-ва Рос. Федерации, Моск. с.-х. акад. им. К.А. Тимирязева. Каф. плодоводства _g[Подгот. доц. Попов А.Е. и Ханжиян И.И.] |
|
| 210 |
_aМ. _cИзд-во МСХА _d2003 |
||
| 215 |
_a34, [1] с. _cил. _d20 |
||
| 320 | _aБиблиогр.: с. 34 (5 назв.) | ||
| 606 | 0 |
_aПлодовые деревья _jМетодические пособия _xОбрезка и формирование _91016213 _3RU\NLR\auth\66387639 |
|
| 606 | 0 |
_aЯгодные кусты _jМетодические пособия _xОбрезка и формирование _92031932 _3RU\NLR\auth\661220351 |
|
| 686 | _aП255-468.10я8 | ||
| 686 | _aП256-468.10я8 | ||
| 686 | _aП258-468.10я8 | ||
| 702 | 1 |
_4220 _aПопов _bА. Е. _cканд. с.-х. наук, плодоводство _gАлександр Евгеньевич _3RU\NLR\auth\7745144 _928083 |
|
| 712 | 0 | 2 |
_4570 _aМосковская сельскохозяйственная академия им. К. А. Тимирязева _bКафедра плодоводства _3RU\NLR\AUTH\8810053128 _9606673 |
| 801 | 0 |
_aRU _bNLR _c20040218 _gPSBO |
|
| 801 | 1 |
_aRU _bNLR _c20040218 |
|
| 942 | _cBOOK | ||
| 980 | _aNB | ||